| 000 | nam a22 7a 4500 | ||
|---|---|---|---|
| 999 |
_c234902 _d234902 |
||
| 003 | Nust | ||
| 005 | 20170515174652.0 | ||
| 008 | 170403b xxu||||| |||| 00| 0 eng d | ||
| 040 |
_aDLC _bDLC _cRCMS |
||
| 082 | _a621.382 DEG | ||
| 100 |
_aDEGEM SYSTEMS _9234 |
||
| 245 |
_aModern Communication _cSystem Com-3 SSB Communication Circuits Experiment and Technical Manual |
||
| 260 |
_aUSA _bDEGEM SYSTEMS _cc1976 |
||
| 300 |
_av,48 p: _bill: _c27,cm. |
||
| 538 | _iShelf # 15, Row # 6, Communication. | ||
| 650 |
_aElectrical & Electronics _9235 |
||
| 856 | _3Table of Content Only | ||
| 942 |
_2ddc _cBK |
||